000
00316nam a2200133Ia 4500
008
240624s9999 xx 000 0 und d
041
_a
eng
082
_a
954 SIN
100
_a
SINGH TAVLEEN
245
_a
INDIA S BROKEN TRYST
260
_c
2016
_a
New Delhi
_b
HarperCollins India
300
_a
424 : p.
365
_c
RS
999
_c
28518
_d
28518